000
00322nam a2200133Ia 4500
008
240624s9999 xx 000 0 und d
041
_a
eng
082
_a
658.8 LEV
100
_a
LEVITT TED
245
_a
TED LEVITT ON MARKETING
260
_c
2006
_a
Boston
_b
Harvard Business Press
300
_a
226 : p.
365
_c
RS
_b
27
999
_c
15845
_d
15845